Statistics for European Countries With Under 1 Million

Click here to take the quiz!

General Stats

  • This quiz has been taken 59 times
  • The average score is 9 of 9

Answer Stats

PopAnswer% Correct
38,201Liechtenstein
100%
475,502Malta
100%
38,300Monaco
100%
74,794Andorra
98%
33,407San Marino
98%
800Vatican City
98%
602,005Luxembourg
96%
355,620Iceland
93%
622,359Montenegro
89%

Score Distribution

Percentile by Number Answered

Percent of People with Each Score

Your Score History

You have not taken this quiz